The rise and fall of the great powers : Economic change and military conflict from 1500 to 2000

About national and international power in the "modern" or Post Renaissance period. Explains how the various powers have risen and fallen over the 5 centuries since the formation of the "new monarchies" in W. Europe.

Gorde:
Xehetasun bibliografikoak
Egile nagusia: Kennedy, Paul M.
Formatua: Liburua
Hizkuntza:Undetermined
Argitaratua: London Unwin 1988
Gaiak:
Etiketak: Etiketa erantsi
Etiketarik gabe, Izan zaitez lehena erregistro honi etiketa jartzen!
Thư viện lưu trữ: Trung tâm Học liệu Trường Đại học Cần Thơ
LEADER 00810nam a2200217Ia 4500
001 CTU_223533
008 210402s9999 xx 000 0 und d
082 |a 909 
082 |b K36 
100 |a Kennedy, Paul M. 
245 4 |a The rise and fall of the great powers : 
245 0 |b Economic change and military conflict from 1500 to 2000 
245 0 |c Paul Kennedy 
260 |a London 
260 |b Unwin 
260 |c 1988 
520 |a About national and international power in the "modern" or Post Renaissance period. Explains how the various powers have risen and fallen over the 5 centuries since the formation of the "new monarchies" in W. Europe. 
650 |a Chiến tranh,War 
650 |x Lịch sử,History 
904 |i Trúc 
980 |a Trung tâm Học liệu Trường Đại học Cần Thơ